000 00298nam a2200109 a 4500
001 4140
005 20140414131951.0
008 090218s19uu xx 00 eng d
050 _aTR 372.4
_bB39 2006
245 _aBeginning reading instructional guide to help teachers :
_bbright ll.
999 _c112778
_d112778